Swimming lessons and other stories from Firozsha Baag / (Record no. 2390)
[ view plain ]
| 000 -LEADER | |
|---|---|
| fixed length control field | 00579pam a2200193 4500 |
| 001 - CONTROL NUMBER | |
| control field | 2974 |
| 005 - DATE AND TIME OF LATEST TRANSACTION | |
| control field | 20181127170154.0 |
| 008 - FIXED-LENGTH DATA ELEMENTS--GENERAL INFORMATION | |
| fixed length control field | 960621r19971987nyu 000 1 eng |
| 010 ## - LIBRARY OF CONGRESS CONTROL NUMBER | |
| LC control number | 96031214 |
| 020 ## - INTERNATIONAL STANDARD BOOK NUMBER | |
| International Standard Book Number | 067977632X |
| 043 ## - GEOGRAPHIC AREA CODE | |
| Geographic area code | a-ii--- |
| 100 1# - MAIN ENTRY--PERSONAL NAME | |
| Personal name | Mistry, Rohinton, |
| Dates associated with a name | 1952- |
| 240 10 - UNIFORM TITLE | |
| Uniform title | Tales from Firozsha Baag |
| 245 10 - TITLE STATEMENT | |
| Title | Swimming lessons and other stories from Firozsha Baag / |
| Statement of responsibility, etc. | Rohinton Mistry. |
| 250 ## - EDITION STATEMENT | |
| Edition statement | 1st Vintage International ed. |
| 260 ## - PUBLICATION, DISTRIBUTION, ETC. | |
| Place of publication, distribution, etc. | New York : |
| Name of publisher, distributor, etc. | Vintage International, |
| Date of publication, distribution, etc. | 1997. |
| 300 ## - PHYSICAL DESCRIPTION | |
| Extent | 250 p. ; |
| Dimensions | 21 cm. |
| 651 #0 - SUBJECT ADDED ENTRY--GEOGRAPHIC NAME | |
| Geographic name | Bombay (India) |
| General subdivision | Fiction. |
| Withdrawn status | Lost status | Source of classification or shelving scheme | Damaged status | Not for loan | Collection code | Home library | Current library | Shelving location | Date acquired | Serial Enumeration / chronology | Inventory number | Total Checkouts | Full call number | Barcode | Date last seen | Price effective from | Koha item type |
|---|---|---|---|---|---|---|---|---|---|---|---|---|---|---|---|---|---|
| Dewey Decimal Classification | Fiction | RTC Library | RTC Library | Fiction | 07/04/2022 | 5224 | FIC 813.54 MIS | 30000956 | 03/01/2022 | 27/11/2018 | Fiction |